| 000 | 00391nam a2200121Ia 4500 | ||
|---|---|---|---|
| 008 | 231129s9999||||xx |||||||||||||| ||spa|| | ||
| 020 | _a979-801627-00-1 | ||
| 040 | _bspa | ||
| 082 | _a784.719 ó34ó | ||
| 245 | 0 | _aOcho arreglos para orquesta: obras del repertorio colombiano | |
| 264 | _aBogotá Colombia : Fundación Nacional Batuta | ||
| 942 |
_2ddc _cBKS |
||
| 999 |
_c22041 _d22041 |
||